header

Journey of a thousand miles : (Record no. 250573)

MARC details
000 -LEADER
fixed length control field 00862cam a22002774a 4500
001 - CONTROL NUMBER
control field 15131494
003 - CONTROL NUMBER IDENTIFIER
control field OSt
005 - DATE AND TIME OF LATEST TRANSACTION
control field 20151014094116.0
008 - FIXED-LENGTH DATA ELEMENTS--GENERAL INFORMATION
fixed length control field 080108s2008 nyua 000 0aeng
010 ## - LIBRARY OF CONGRESS CONTROL NUMBER
LC control number 2008000732
020 ## - INTERNATIONAL STANDARD BOOK NUMBER
International Standard Book Number 9780385524568
040 ## - CATALOGING SOURCE
Original cataloging agency DLC
Transcribing agency DLC
Modifying agency DLC
050 00 - LIBRARY OF CONGRESS CALL NUMBER
Classification number ML417.L28
Item number A3 2008
082 00 - DEWEY DECIMAL CLASSIFICATION NUMBER
Classification number 786.2092
-- B
Edition number 22
100 1# - MAIN ENTRY--PERSONAL NAME
Personal name Lang, Lang,
Dates associated with a name 1982-
245 10 - TITLE STATEMENT
Title Journey of a thousand miles :
Remainder of title my story /
Statement of responsibility, etc Lang Lang with David Ritz.
250 ## - EDITION STATEMENT
Edition statement 1st ed.
260 ## - PUBLICATION, DISTRIBUTION, ETC. (IMPRINT)
Place of publication, distribution, etc New York :
Name of publisher, distributor, etc Spiegel & Grau,
Date of publication, distribution, etc c2008.
300 ## - PHYSICAL DESCRIPTION
Extent 239 p. :
Other physical details ill. ;
Dimensions 24 cm.
600 10 - SUBJECT ADDED ENTRY--PERSONAL NAME
Personal name Lang, Lang,
Dates associated with a name 1982-
650 #0 - SUBJECT ADDED ENTRY--TOPICAL TERM
Topical term or geographic name as entry element Pianists
Form subdivision Biography.
700 1# - ADDED ENTRY--PERSONAL NAME
Personal name Ritz, David.
906 ## - LOCAL DATA ELEMENT F, LDF (RLIN)
a 7
b cbc
c orignew
d 1
e ecip
f 20
g y-gencatlg
942 ## - ADDED ENTRY ELEMENTS (KOHA)
Source of classification or shelving scheme Library of Congress Classification
Koha item type Long Loan Books
Holdings
Withdrawn status Lost status Source of classification or shelving scheme Damaged status Not for loan Collection code Home library Current library Shelving location Date acquired Total Checkouts Full call number Barcode Date last seen Price effective from Koha item type
    Library of Congress Classification     Fiction Rongo University Library Rongo University Library General Stacks 14/10/2015   ML417.L28 A3 2008 20154381 14/10/2015 14/10/2015 Long Loan Books

© 2026 Rongo University
Contact us: librarian | system librarian | Rongo university